Statistics for Country Names by Letter Hint - 90 second sprint

Click here to take the quiz!

General Stats

  • This quiz has been taken 653 times
    (584 since last reset)
  • The average score is 12 of 40

Answer Stats

A % Correct
F
100%
L
96%
P
95%
Z
95%
_n
95%
_r
81%
_a
80%
_s
79%
_t
72%
_ _a
62%
_ _b
55%
_ _c
43%
G
19%
V
19%
_o
18%
Q
17%
_c
17%
_ _s
17%
_h
14%
H
14%
O
14%
_ _h
13%
B
9%
_u
8%
_ _u
8%
M
6%
I
5%
_i
5%
_ _i
4%
T
3%
_w
2%
N
1%
_ _e
1%
_e
1%
E
0%
_ _j
0%
_ _x
0%
J
0%
Y
0%
WELL DONE!
0%

Score Distribution

Percentile by Number Answered

Percent of People with Each Score

Your Score History

You have not taken this quiz since the last reset